书目信息 |
| 书名: | Calculus | |
| 作者: | Tom M.Apostol : | |
| 分册号: | ||
| 分册名: | 出版地: |
|
| 出版社: | ||
| 出版时间: | ||
| 页数: | 666 p. ; | |
| 开本: | 25cm. | |
| 丛书名: | ||
| 中图分类号: | ||
| 科图分类号: | ||
| 其他分类号: | H31:O172 | |
| 主题词: | ||
| 电子资源: | ||
| 000 | 00410nam 2200133 a 4500 | |
| 001 | E0759557363 | |
| 005 | 20070225163535.40 | |
| 008 | 070225s 00010 eng | |
| 020 | @cCNY4.00. | |
| 040 | @aPFT@beng | |
| 090 | @aH31:O172 | |
| 099 | @dH31:O172@ex27:1 | |
| 245 | @aCalculus / @cTom M.Apostol :@bOne-Variable Calculus,with an introduction to Linear Algebra@s (second edition).@nVolume 1. | |
| 300 | @a666 p. ;@c25cm. | |
| Calculus / / Tom M.Apostol : : One-Variable Calculus,with an introduction to Linear Algebra ( (second edition).).. Volume 1. |
| 666 p. ; ; 25cm. |
| ISBN CNY4.00. |
| ● |
| 相关链接 |
|
|
|
|
正题名:Calculus
索取号:H31:O172/x27:1
 
预约/预借
| 序号 | 登录号 | 条形码 | 馆藏地/架位号 | 状态 | 备注 |
| 1 | 18934 | 001174142 | 第四借阅区/ [索取号:H31:O172/x27:1] | 在馆 |